000 01395cam a22003737a 4500
003 CHAP
005 20220329141840.0
008 980130d1997 mx r 00110 spa d
010 _a74750
011 _a75722
035 _a85291
040 _cCHAP
090 _aTesis
100 0 0 _aAngulo Santos, José Miguel.
_95833
245 1 3 _aEl cultivo de limón mexicano (Citrus aurantifolia. Swingle :
_bun análisis de caso para el municipio de Tecomán, Colima
_c/ por Jose Miguel Angulo Santos e Iván Velasco Vivar
260 _aChapingo, Méx. :
_bEl autor,
_c1997.
300 _a106 h. :
_bgráfs. ; anexos
502 _aTesis (Ing. en Economía Agrícola) -- UACH. departamento de Economía Agrícola
590 _aALEPH
_b10
_c20130110
_lUCH01
_h1421
590 _aBATCH-UPD
_b10
_c20130110
_lUCH01
_h0343
590 _aBATCH-UPD
_b10
_c20130110
_lUCH01
_h1759
590 _aBATCH-UPD
_b10
_c20130410
_lUCH01
_h0016
590 _aBATCH-UPD
_b10
_c20130410
_lUCH01
_h1617
590 _aBATCH-UPD
_b10
_c20130914
_lUCH01
_h0332
590 _aCONVERSION
_b10
_c20130109
_lUCH01
_h1341
650 1 4 _aCitrus aurantifolia.
_923500
650 1 4 _aLimón
_xColima.
_966817
700 0 _aVelasco Vivar, Iván.
_9118453
901 _aBK
905 _aAlejandra Carrasco M.
942 _cFOLL
949 _bBC
_cTES
_d33724000586251
_eTS2
_fc.2
_h32057
_i85291
_si
949 _bBC
_cTES
_d852911
_eTS1
_h32056
_i85291
_sb
999 _c74750
_d74750